000 00491nam a2200169Ia 4500
008 090711s9999 xx 000 0 und d
082 _b74962
100 _aशिरवळकर सुहास
245 _aजमीन-आसमान
260 _c1994
300 _a191
600 _aशिरवळकर सुहास
630 _aजमीन-आसमान
700 _aशिरवळकर सुहास
730 _aजमीन-आसमान
942 _cBOOK
999 _c294708
_d294708